| 000 | 01300nam a2200301 4500 | ||
|---|---|---|---|
| 001 | 113493 | ||
| 003 | DR-UNIBE | ||
| 005 | 20260318095916.0 | ||
| 008 | 250428b2024 dr ||||| |||| 00| 0 spa d | ||
| 020 | _a9789945251241 | ||
| 040 |
_aBIBLIOTECA UNIBE _cBIBLIOTECA UNIBE _bspa _erda |
||
| 041 | _aspa | ||
| 082 | _aRD 861.5 F673p 2024 | ||
| 110 | 1 | 0 |
_aFrente Cultural _9194599 _eautor |
| 245 | 1 | 0 |
_aPueblo, sangre y canto / _cFrente Cultural ; cuidado de la edición y corrección: Área de Publicaciones ; diagramación y diseño de portada: Yahaira Fernández Vásquez |
| 250 | _aEdición facsimilar | ||
| 260 |
_a Santo Domingo : _bArchivo General de la Nación (AGN) _c2024 |
||
| 300 |
_aviii, 31 páginas : _c22 x 15 cm |
||
| 490 |
_aArchivo General de la Nación : _v522 |
||
| 500 | _aCubierta: Reproducción facsimilar de la cubierta original | ||
| 505 | _aProemio | ||
| 650 | 7 |
_aPoesía dominicana _2lemb _9203415 |
|
| 650 | 7 |
_a Literatura dominicana _2lemb _9194602 |
|
| 651 | 7 |
_2lemb _aRepública Dominicana _xHistoria _yRevolución de abril 1965 _9194601 |
|
| 700 | 1 | o |
_aFernández Vásquez, Yahaira _9155947 _ediagramador _ediseñador de portada |
| 710 | 1 | 0 |
_aArchivo General de la Nación (AGN) _bÁrea de publicaciones _9194325 _ecuidado de la edición _ecotrrector |
| 942 |
_2ddc _cBK |
||
| 999 |
_c113493 _d113493 |
||